Produktionswirtschaft

Salvato in:
Dettagli Bibliografici
Natura: Libro
Lingua:tedesco
Pubblicazione: Herne Neue Wirtschafts-Briefe 1988
Edizione:2. unveränd. Aufl.
Soggetti:
Tags: Aggiungi Tag
Nessun Tag, puoi essere il primo ad aggiungerne!!

MARC

LEADER 00000nam a2200000 4500
001 c010983
005 20221206134513.9
020 |a 3-482-63022-4 
041 0 |a ger 
044 |a DE 
245 1 0 |a Produktionswirtschaft 
250 |a 2. unveränd. Aufl. 
264 1 |a Herne  |b Neue Wirtschafts-Briefe  |c 1988 
300 |a 374 s. 
610 2 0 |a výroba 
610 2 0 |a produkcia 
610 2 0 |a proces výrobný 
610 2 0 |a programy výrobné 
610 2 0 |a plánovanie výroby 
610 2 0 |a práca 
610 2 0 |a podnik výrobný 
610 2 0 |a investície 
610 2 0 |a náklady 
610 2 0 |a manažment 
610 2 0 |a účtovníctvo 
610 2 0 |a humanizácia práce 
610 2 0 |a riadenie podnikové 
610 2 0 |a štruktúra podniku organizačná 
610 2 0 |a metóda Delfy